Countries Bordering Countries Bordering Turkey - Sudden Death - Statistics

General Stats
  • This quiz has been taken 15 times
  • The average score is 5 of 13
Answers on the Grid
Answers color-coded by a green-red scale on the quiz's grid according to % correct below.
Afghanistan
Albania
Armenia
Azerbaijan
Bulgaria
Egypt
Georgia
Greece
Hungary
India
Iran
Iraq
Israel
Jordan
Kosovo
Kuwait
Lebanon
Moldova
North Macedonia
Pakistan
Romania
Russia
Saudi Arabia
Serbia
Syria
Turkmenistan
Ukraine
Uzbekistan
 
Answer Stats
Answer % Correct
Albania
100%
Afghanistan
67%
Saudi Arabia
67%
Jordan
33%
Lebanon
33%
North Macedonia
33%
Pakistan
33%
Romania
33%
Russia
33%
Turkmenistan
33%
Israel
0%
Kuwait
0%
Serbia
0%
No matching quizzes found
Score Distribution
Percent of People with Each Score
Percentile by Number Answered
Your Score History
You have not taken this quiz